Parkh Paragy / (Record no. 525861)

000 -LEADER
fixed length control field 00516nam a22001817a 4500
003 - CONTROL NUMBER IDENTIFIER
control field NUST
020 ## - INTERNATIONAL STANDARD BOOK NUMBER
Qualifying information PB/K
038 ## - RECORD CONTENT LICENSOR
Staff Name Faiza
082 ## - DEWEY DECIMAL CLASSIFICATION NUMBER
Classification number 891.49101
Author Mark ZAH
100 ## - MAIN ENTRY--PERSONAL NAME
Personal name Zahid, Asmatullah
9 (RLIN) 16807
245 ## - TITLE STATEMENT
Title Parkh Paragy /
Statement of responsibility, etc. Asmatullah Zahid
260 ## - PUBLICATION, DISTRIBUTION, ETC.
Place of publication, distribution, etc. Lahore :
Name of publisher, distributor, etc. Idara Al-Tahrir,
Date of publication, distribution, etc. 1980.
300 ## - PHYSICAL DESCRIPTION
Extent 224 p. ;
880 ## - ALTERNATE GRAPHIC REPRESENTATION
Linkage 100-01\r
Title عصمت اللہ زاھد
880 ## - ALTERNATE GRAPHIC REPRESENTATION
Linkage 245-02\r
Title پرکھ پراگے /
880 ## - ALTERNATE GRAPHIC REPRESENTATION
Linkage 260-03\r
Title لاہور :
b ادارہ التحریر,
c ۱۹۸۰.
942 ## - ADDED ENTRY ELEMENTS (KOHA)
Source of classification or shelving scheme
Koha item type Book
Holdings
Withdrawn status Lost status Source of classification or shelving scheme Damaged status Not for loan Permanent Location Current Location Date acquired Total Checkouts Full call number Barcode Date last seen Price effective from Koha item type
          Central Library (CL) Central Library (CL) 07/05/2019   891.49101 ZAH CL-E-348 07/05/2019 07/05/2019 Book
© 2023 Central Library, National University of Sciences and Technology. All Rights Reserved.